00928nam a2200217Ia 4500003000400000005001700004008004100021020001800062040002100080041000800101082002200109100004000131245011600171250002200287260004100309300002800350490006600378505018800444650003800632650004000670OSt20200403145236.0191128s2017 ck gr 001 0 spa d a9788499214528 aCO-JMCRcCO-JMCR0 aspa04a155.93 / bP739p 1 aPoch Avellan, Concepción, eautor10aPérdidas y duelos:bReflexiones y herramientas para identificarlos y afrontarlos /cConcepción poch Avellan aPrimera edición aBogotá : bSiglo de hombre, c2017 a173 Páginas ; c21 cm1 aPlan Nacional de Lectura y Escritura Leer es mi cuento ; v27 aperdidas personales -- Perdidas relacionales y materiales -- Perdidas íntimas (invisibles) y Pérdidas ambiguas -- Pérdidas definitivas e irreversibles -- Duelos poliédricos --14aResidencia x(Psicología) Duelo24aAspectos psicoógicos xPérdida